000 00498nam a2200181Ia 4500
005 20250326125253.0
008 250326s9999 xx 000 0 und d
037 _aTextbook
040 _aFMSL
_beng
_cFMSL
041 _aeng
_2eng
084 _aX724.2 L8
_qFMSL
100 _aPrasad B
_9204803
245 0 _aLaw and practice of income-tax in India
_cPrasad B
260 _aAligarh
_bAligarh, Navman
_c1978
300 _a700p
942 _cTB
_hX724.2 L8
999 _c1277283
_d1277283